000 00629nam a2200229Ia 4500
005 20260320201955.0
008 008 262003s9999 xx 000 0 eng d
037 _aEBOOK
040 _aCRL
040 _beng
040 _cCRL
041 _2eng
041 _aeng
084 _qCRL
100 _aPalacio
_91136082
245 4 _aThe Art of Data-Driven Business: Transform your organization into a data-driven one with the power of Python machine learning
260 _bIEEE
856 _uhttps://ieeexplore.ieee.org/servlet/opac?bknumber=10162766
942 _cEBOOK
999 _c1724586
_d1724586